Bienvenue au Catalogue en Ligne des Bibliothèques de l'Universite du Burundi

La responsabilité de l'entreprise en Europe : un droit unique pour le marché unique (Record no. 25342)

000 -GUIDE
Champ de contrôle de longueur fixe 00920caa a22002537a 4500
003 - IDENTITÉ DU NUMÉRO DE CONTRÔLE
Champ de contrôle BI-BuBU
008 - ÉLÉMENTS DE LONGUEUR FIXE - RENSEIGNEMENTS GÉNÉRAUX
Champ de contrôle de longueur fixe 140314s2004 be ||||| |||| 00| 0 fre d
008 - ÉLÉMENTS DE LONGUEUR FIXE - RENSEIGNEMENTS GÉNÉRAUX
Champ de contrôle de longueur fixe 140314s2004 be ||||| |||| 00| 0 fre d
020 ## - INTERNATIONAL STANDARD BOOK NUMBER
ISBN 3-7272-2640-4 (Stoemplfli)
020 ## - INTERNATIONAL STANDARD BOOK NUMBER
ISBN ISBN 2-8027-1873-8 (Bruylant)
039 ## - NIVEAU DE CONTRÔLE BIBLIOGRAPHIQUE ET HISTORIQUE D'ENCODAGE [OBSOLETE]
Date creation 20140318102251.0
Nom catalographe Verhasselt
040 ## - SOURCE DU CATALOGAGE
Organisme qui a effectué le catalogage original BI-BuBU
Code de la langue utilisée dans le catalogage fre
Organisme qui a effectué la transcription BI-BuBU
080 0# - INDICE DE LA CLASSIFICATION DÉCIMALE UNIVERSELLE (CDU)
Indice de la Classification décimale universelle 338.988
100 1# - VEDETTE PRINCIPALE - NOM DE PERSONNE
Code de relation aut
Nom de personne haas, Josiane
245 13 - MENTION DU TITRE
Titre La responsabilité de l'entreprise en Europe : un droit unique pour le marché unique
Mention de responsabilité, etc. Josiane haas
260 ## - PUBLICATION, DIFFUSION, ETC. (ADRESSE BIBLIOGRAPHIQUE)
Lieu de publication, diffusion, etc. Berne
-- Bruxelles
Nom de l'éditeur, diffuseur, etc. Stoempli
-- Bruylant S.A
Date of publication, distribution, etc cop. 2004
300 ## - DESCRIPTION MATÉRIELLE
Collation L-306 p.
Autres caractéristiques matérielles couv. en coul.
Dimensions 23 cm
440 #0 - MENTION DE COLLECTION / VEDETTE SECONDAIRE DE TITRE
Titre Droit privé européen 22
650 #7 - VEDETTE-MATIÈRE - NOM COMMUN
Vedette de sujet ou vedette comportant un nom géographique Entreprise. Responsabilité. Europe
650 #7 - VEDETTE-MATIÈRE - NOM COMMUN
Vedette de sujet ou vedette comportant un nom géographique CUD. DataWinIsis. Verhasselt
942 ## - ÉLÉMENTS D'ENTRÉE ADDITIONNELLE (KOHA)
Type d item koha BOOK
Holdings
Statut de retrait Statut de perte Source de la classification ou du système de rangement Statut de déterioration Exclu du prêt Numéro d item Koha Localisation permanente Localisation actuelle Date d'acquisition Nombre de prêts Cote Date last seen Prix en vigueur à partir du Type d item koha
          37733 Bibliothèque Centrale Bibliothèque Centrale 25/03/2014   338.988.HAA 25/03/2014 25/03/2014 BOOK
© 2019-2026 - Bibliothèques de l'Université du Burundi |Tous droits réservés
home | Pour toute information urgente Contactez nous | tel whatsupp: +25779204313